00714nam a2200205Ia 4500003000900000008004100009040001600050080002300066110003300089245008500122260005000207300000800257500001800265650004300283650001900326650002000345942000700365999001500372952012100387IN-BaIIA211028s9999 xx 000 0 eng d cIIA Library a083.7:621.777bISI aIndian Standards Institution 0aIndian standard marking system for grinding wheelscIndian Standards Institution aNew DelhibIndian Standards Institutionc1966 a7p. aIS 551 : 1966 aDimond Grinding Wheels-Standards99290 aNASA Thesaurus aStandards98876 cBK c5307d5307 00104070aBANbBANcGENd0000-00-00g5.00l0o083.7:621.777/ ISIp5916r2021-11-05v5.00w0000-00-00yBKGRs. 5.00